000 01607nam0a2200373 i 4500
001 RU\NLR\BIBL_A\010353975
005 20260407135548.0
010 _a9785705738380
_9500
021 _aRU
_b14-16474
035 _a(NILC)RuMoRGB-006756737
035 _a(NLR Aleph) 010353975
090 _a10756763
_c10756763
100 _a20140507d2014 u y0rusy50 ca
101 0 _arus
102 _aRU
105 _aa|||z||||||||
200 1 _aГеография.
_eинтерактивные формы работы с учащимися 6-8 классов
_eпродуктивный уровень
_fИзд-во "Учитель"
_gавт.-сост. Н. Н. Зинченко
210 _aВолгоград
_cУчитель
_d2014
215 _a178 с.
_cил.
_d20
225 2 _aТворческая мастерская учителя
225 2 _aСоответствует ФГОС
225 2 _aОсновная школа
320 _aБиблиогр.: с. 177 (8 назв.)
606 1 _aГеография
_jРуководства, пособия и т.п.
_xПреподавание
_xИнтерактивные методы
_xСредняя школа
_92184449
_3RU\NLR\AUTH\6601549784
675 _a373.5.016:91
686 1 _aЧ426.43-25я7
702 1 _aЗинченко
_bН.Н.
_gНина Николаевна
_4220
712 0 2 _4570
_a"Учитель", издательство
_cВолгоград
_9505853
_3RU\NLR\AUTH\8810004275
801 0 _aRU
_bRuMoRKP
_c20140306
_gRCR
801 2 _aRU
_bРГБ
_c20140325
_grcr
942 _cBOOK
980 _aNBR